INFORME DE ACTIVIDADES DE EXTENSIÓN, SERVICIO E INVESTIGACIÓN, REALIZADAS EN LA MICRO REGIÓN LA BALZA, DEL MUNICIPIO DE SAN LUIS, PETEN./ (Registro nro. 2269)

Detalles MARC
000 -LEADER
campo de control de longitud fija 03196nam a22003257a 4500
001 - NÚMERO DE CONTROL
campo de control TZ 0032
003 - IDENTIFICADOR DE NÚMERO DE CONTROL
campo de control gtcocun
005 - FECHA Y HORA DE LA ÚLTIMA TRANSACCIÓN
campo de control 20251007172526.0
006 - CÓDIGOS DE INFORMACIÓN DE LONGITUD FIJA--CARACTERÍSTICAS DEL MATERIAL ADICIONAL
campo de control de longitud fija a||||gr|||| 00| 0
007 - CAMPO FIJO DE DESCRIPCIÓN FÍSICA--INFORMACIÓN GENERAL
campo de control de longitud fija ta
008 - DATOS DE LONGITUD FIJA--INFORMACIÓN GENERAL
campo de control de longitud fija 251007b2007 gt ||||| m||| 00| 0 eng d
040 ## - FUENTE DE CATALOGACIÓN
Centro catalogador/agencia de origen gtcocun
Lengua de catalogación SPA
Centro/agencia transcriptor gtcocun
Normas de descripción RDA
041 ## - CÓDIGO DE IDIOMA
Código de lengua del texto/banda sonora o título independiente SPA TZ 0032
084 ## - OTRO NÚMERO DE CLASIFICACIÓN
Número de control del registro de autoridad o número normalizado TZ 0032
100 ## - ENTRADA PRINCIPAL--NOMBRE DE PERSONA
Nombre de persona López Juárez, William Leonel
Término indicativo de función/relación Autor
245 ## - MENCIÓN DEL TÍTULO
Título INFORME DE ACTIVIDADES DE EXTENSIÓN, SERVICIO E INVESTIGACIÓN, REALIZADAS EN LA MICRO REGIÓN LA BALZA, DEL MUNICIPIO DE SAN LUIS, PETEN./
Mención de responsabilidad, etc. William Leonel López Juárez.
Medio Impreso
264 ## - PRODUCCIÓN, PUBLICACIÓN, DISTRIBUCIÓN, FABRICACIÓN Y COPYRIGHT
Producción, publicación, distribución, fabricación y copyright Cobán, Alta Verapaz:
Nombre del de productor, editor, distribuidor, fabricante Universidad de San Carlos de Guatemala, Centro Universitario del Norte, Zootecnia
Fecha de producción, publicación, distribución, fabricación o copyright 2007
300 ## - DESCRIPCIÓN FÍSICA
Extensión 65 p.:
Otras características físicas Ilustraciones, gráficas.
Dimensiones 28 cm;
336 ## - TIPO DE CONTENIDO
Fuente rdacontenido
Término de tipo de contenido Texto
Código de tipo de contenido txt
337 ## - TIPO DE MEDIO
Fuente rdamedio
Nombre/término del tipo de medio Computadora
Código del tipo de medio n
338 ## - TIPO DE SOPORTE
Fuente rdasoporte
Nombre/término del tipo de soporte Código en línea
Código del tipo de soporte cr
502 ## - NOTA DE TESIS
identificador de la tesis TZ 0032
502 ## - NOTA DE TESIS
Nota de tesis Tesis de grado
Tipo de título Zootecnia,
Nombre de la institución que otorga el título Universidad de San Carlos de Guatemala, Centro Universitario del Norte, Zootecnia
Año de obtención del título 2007
Identificador de la tesis TZ 0032
520 14 - RESUMEN, ETC.
Sumario, etc. En este informe se describen las actividades de extensión y servicio prestadas durante la ejecución del Ejercicio Profesional Supervisado (EPS), realizado en la Micro región La Balza, del Municipio de San Luis, Petèn, durante los meses de febrero a noviembre de 2002.<br/><br/>Entre las actividades que se desarrollaron en forma conjunta con los técnicos de la Micro región se mencionan, la asesoría técnica a instituciones locales en la elaboración de perfiles de proyectos tanto, en el área social<br/>como productiva que contempla el Programa de Desarrollo Productivo, el cual<br/>brindó el apoyo para realizar el Ejercicio Profesional Supervisado.<br/><br/>Entre las actividades planificadas se pueden mencionar: Capacitaciones en la introducción a la apicultura, mantenimiento del apiario,<br/>principales enfermedades de animales domésticos y actividades pecuarias en<br/>especies mayores. También se brindó asesoría técnica en: Control y monitoreo de animales domésticos, consolidación de una empresa pecuaria sostenible, manejo de huertos familiares y organización social. Asimismo se<br/>capacitó Formulación y ejecución de proyectos, entre los que se pueden<br/>mencionar: De becas, seguridad alimentaria, equipamiento escolar, y en el<br/>componente de desarrollo y organización social. Por último se coordinó el<br/>Programa de extensión con diferentes actividades y formación de recurso<br/>humano.<br/><br/>Concluidas las actividades, se alcanzó el objetivo de fortalecer el desarrollo económico productivo de las comunidades que conforman el área de intervención del Programa de Desarrollo Productivo (PDP), a través de las diferentes actividades de extensión y servicio que se realizaron.
650 14 - PUNTO DE ACCESO ADICIONAL DE MATERIA--TÉRMINO DE MATERIA
Fuente del encabezamiento o término LEMB
Término de materia o nombre geográfico como elemento de entrada San Luis, Peten
Subdivisión general Zootecnia
-- Asesoría Técnica
-- Desarrollo Productivo
-- Capacitaciones
-- Actividades Pecuarias
-- Consolidación
700 ## - ENTRADA AGREGADA--NOMBRE PERSONAL
Nombre de persona Lic. Zoot. Julio Antonio Estrada Osorio
Término indicativo de función/relación Asesor
856 ## - LOCALIZACIÓN Y ACCESO ELECTRÓNICOS
Identificador Uniforme de Recurso <a href="https://drive.google.com/file/d/1A0feQyyKKnxgchU-7K_o9-Du3m1WXQOK/view">https://drive.google.com/file/d/1A0feQyyKKnxgchU-7K_o9-Du3m1WXQOK/view</a>
Texto de enlace PDF
Nota pública Un ejemplar en línea.
942 ## - ELEMENTOS DE ENTRADA SECUNDARIOS (KOHA)
Fuente de la clasificación o esquema de estantería Clasificación Decimal Dewey
Tipo de ítem Koha TESIS
Parte de la signatura que identifica el ejemplar (Parte del ítem) TZ 0032
Prefijo de la signatura Clasificación
Suprimir en OPAC No
-- TZ_0032_000000000000000
Existencias
Estatus retirado Estado de pérdida Fuente de la clasificación o esquema de estantería Estado de daño No para préstamo Colección Biblioteca de origen Biblioteca actual Ubicación en estantería Fecha de adquisición Número de inventario Total de préstamos Signatura topográfica completa Código de barras Visto por última vez Precio de reemplazo Tipo de ítem Koha
    Clasificación Decimal Dewey     tesis BIBLIOTECA- CUNOR -JOSÉ LUIS GONZALES ROSALES BIBLIOTECA- CUNOR -JOSÉ LUIS GONZALES ROSALES Colección tesis 16/09/2025 TZ 0032   TZ 0032 TZ 0032 16/09/2025 16/09/2025 TESIS